Global Innovation Management : A strategic approach

Saved in:
Bibliographic Details
Main Author: Westland, J. Christopher (Author)
Format: Book
Language:English
Published: New York : Palgrave Macmillan, 2008
Edition:1st publ
Subjects:
Tags: Add Tag
No Tags, Be the first to tag this record!

MARC

LEADER 00000nam a22000003a 4500
001 stu187807
005 20150617230041.7
008 090723s2008----xxu-----------------eng-d
020 |a 978-0-230-52491-0 
040 |a STU  |b slo 
041 0 |a eng 
044 |a xxu 
080 |a 65.012 
100 1 |a Westland, J. Christopher  |4 aut 
245 1 |a Global Innovation Management :  |b A strategic approach 
250 |a 1st publ 
260 |a New York :  |b Palgrave Macmillan,  |c 2008 
300 |a 383 s 
650 7 |a inovačný manažment  |2 stusub 
996 |b 284M070527  |c M*12528-1  |l MMKN  |s A  |a 24  |w stu187807_0001